Trade and payments adjustment under flexible exchange rates (Record no. 81382)

MARC details
000 -LEADER
fixed length control field 00969nam a2200217 a 4500
008 - FIXED-LENGTH DATA ELEMENTS--GENERAL INFORMATION
fixed length control field 120416s1979 ||||||||||||||||| || u
020 ## - INTERNATIONAL STANDARD BOOK NUMBER
International Standard Book Number 0333217055
050 ## - LIBRARY OF CONGRESS CALL NUMBER
Classification number HG 3821 Int
100 ## - MAIN ENTRY--PERSONAL NAME
Personal name Martin, John P
245 10 - TITLE STATEMENT
Title Trade and payments adjustment under flexible exchange rates
Statement of responsibility, etc. edited by John P. Martin
246 ## -
-- papers of the second annual conference of the International Economics Study Group
260 ## - PUBLICATION, DISTRIBUTION, ETC.
Place of publication, distribution, etc. London
Name of publisher, distributor, etc. Macmillan
Date of publication, distribution, etc. 1979
300 ## - PHYSICAL DESCRIPTION
Extent xix, 250p. : ill
350 ## -
-- 0.00
650 ## - SUBJECT ADDED ENTRY--TOPICAL TERM
Topical term or geographic name entry element FOREIGN EXCHANGE--CONGRESSES
650 #0 - SUBJECT ADDED ENTRY--TOPICAL TERM
Topical term or geographic name entry element ECONOMICS
700 ## - ADDED ENTRY--PERSONAL NAME
Personal name Smith, Alasdair
710 ## - ADDED ENTRY--CORPORATE NAME
Corporate name or jurisdiction name as entry element International Economics Study Group
995 ## -
-- MAIN LIBRARY OPEN ACCESS
-- 0.00
-- 722587
-- CBU-MAIN LIBRARY (Kitwe)
-- 1
-- 35.00
-- HG 3821 Int
-- 1
-- AVAILABLE
-- 007742
-- Main Library Open Access Collection
995 ## -
-- MAIN LIBRARY OPEN ACCESS
-- 0.00
-- 722588
-- CBU-MAIN LIBRARY (Kitwe)
-- 2
-- 35.00
-- HG 3821 Int
-- 2
-- AVAILABLE
-- 007743
-- Main Library Open Access Collection
999 ## -
-- 81382
-- 81382
Holdings
Withdrawn status Lost status Source of classification or shelving scheme Damaged status Not for loan Permanent Location Current Location Shelving location Date acquired Total Checkouts Full call number Barcode Date last seen Copy number Price effective from Koha item type
          CBU-MAIN LIBRARY, KITWE. CBU-MAIN LIBRARY, KITWE.   08/18/2023   HG 3821 Int 007742 08/18/2023 1 08/18/2023 MONOGRAPH
          CBU-MAIN LIBRARY, KITWE. CBU-MAIN LIBRARY, KITWE.   08/18/2023   HG 3821 Int 007743 08/18/2023 2 08/18/2023 MONOGRAPH